Evaluación de la eficiencia de un modelo a escala reducida de un biofiltro aerobio como sistema de tratamiento secundario para aguas residuales de un beneficio de café
Đã lưu trong:
| Tác giả chính: | |
|---|---|
| Định dạng: | Sách |
| Được phát hành: |
San José, C.R.
2001
|
| Những chủ đề: | |
| Các nhãn: |
Thêm thẻ
Không có thẻ, Là người đầu tiên thẻ bản ghi này!
|
MARC
| LEADER | 00000nam a2200000Ia 4500 | ||
|---|---|---|---|
| 003 | 010190 | ||
| 005 | 20221231144201.0 | ||
| 008 | 140114s2001 cr a m 000 ||s d | ||
| 040 | |c cru CEDI | ||
| 090 | |a TFG 4344 | ||
| 100 | |a Salas Villalobos, Jorge |9 7728 | ||
| 245 | |a Evaluación de la eficiencia de un modelo a escala reducida de un biofiltro aerobio como sistema de tratamiento secundario para aguas residuales de un beneficio de café | ||
| 260 | |c 2001 |a San José, C.R. | ||
| 300 | |a 161 hojas : ilustraciones a color | ||
| 500 | |a Tesis (licenciatura en ingeniería civil)--Universidad de Costa Rica. Facultad de Ingeniería. Escuela de Ingeniería Civil | ||
| 650 | |x REACTORES DE FLUJO ASCENDENTE |x ASPECTOS AMBIENTALES |x CALIDAD DEL AGUA |9 7729 | ||
| 942 | |c TFG | ||
| 999 | |c 18094 |d 18094 | ||
